[Event "SG Kaltern/Tramin-SK Ehrenburg"]
[Site "?"]
[Date "2013.02.02"]
[Round "8.1"]
[White "Flatscher, Tobias"]
[Black "Paltrinieri, Nicholas"]
[Result "0-1"]
[WhiteElo "1704"]
[BlackElo "2119"]
[PlyCount "62"]
[EventDate "2013.??.??"]

1. e4 e6 2. d4 d5 3. exd5 exd5 4. Bd3 c5 5. dxc5 Bxc5 6. h3 Nc6 7. Nf3 Nge7 8.
O-O O-O 9. Nbd2 a6 10. Nb3 Bd6 11. a3 Bd7 12. Bd2 Qc7 13. c3 Ng6 14. Re1 Nce5
15. Nxe5 Nxe5 16. Bc2 Nc4 17. Rb1 Bc6 18. Bg5 Rfe8 19. Qd3 g6 20. Rxe8+ Rxe8
21. Nd4 Bh2+ 22. Kf1 Qe5 23. Nf3 Qd6 24. Nxh2 Qxh2 25. f3 Bb5 26. Kf2 Nxa3 27.
bxa3 Bxd3 28. Bxd3 Qe5 29. Bd2 b5 30. Re1 Qb8 31. Be3 Qc7 0-1

[Event "SG Kaltern/Tramin-SK Ehrenburg"]
[Site "?"]
[Date "2013.02.02"]
[Round "8.3"]
[White "Steger, Gerhard"]
[Black "Bertagnolli, Gerhard"]
[Result "1-0"]
[WhiteElo "1894"]
[BlackElo "1923"]
[PlyCount "47"]
[EventDate "2013.??.??"]

1. e4 c5 2. Nc3 e6 3. f4 a6 4. Nf3 d6 5. a4 b6 6. Bc4 Nf6 7. e5 dxe5 8. fxe5
Nd5 9. O-O Be7 10. d3 Nc6 11. Qe1 O-O 12. Ne4 Ndb4 13. Qg3 Kh8 14. c3 Nd5 15.
Nfg5 f6 16. exf6 gxf6 17. Nxh7 Rf7 18. Bxd5 exd5 19. Nhxf6 Bxf6 20. Nxf6 Rxf6
21. Bg5 Rxf1+ 22. Rxf1 Qd7 23. Bf6+ Kh7 24. Rf4 1-0

[Event "SG Kaltern/Tramin-SK Ehrenburg"]
[Site "?"]
[Date "2013.02.02"]
[Round "8.4"]
[White "Dibiasi, Rainer"]
[Black "Babinetz, Rainer"]
[Result "0-1"]
[WhiteElo "1806"]
[BlackElo "1897"]
[PlyCount "90"]
[EventDate "2013.??.??"]

1. Nf3 Nf6 2. c4 d6 3. Nc3 g6 4. g3 Bg7 5. Bg2 O-O 6. O-O c6 7. d4 Nbd7 8. e4
Qc7 9. Rb1 b6 10. b3 Bb7 11. Bb2 b5 12. cxb5 cxb5 13. Nd2 b4 14. Ne2 d5 15. e5
Ne8 16. f4 Qb6 17. Kh1 e6 18. g4 f6 19. Nf3 Nc7 20. a4 Rac8 21. Ng3 Na6 22. h4
Rc7 23. Qd2 Nab8 24. h5 Nc6 25. Rfc1 gxh5 26. Nxh5 Bh6 27. g5 fxg5 28. fxg5 Bg7
29. Nf6+ Kh8 30. Nxd7 Rxd7 31. Kh2 Rdf7 32. Rf1 Ba6 33. Rf2 Ne7 34. Rh1 Ng6 35.
Kg3 Nf4 36. g6 Nxg6 37. Qg5 Bd3 38. Rd2 Rf5 39. Qg4 Be4 40. Ng5 Bxg2 41. Rxh7+
Kg8 42. Qh5 Rxg5+ 43. Qxg5 Be4 44. Rdh2 Bxe5+ 45. dxe5 Qg1+ 0-1

[Event "SG Kaltern/Tramin-SK Ehrenburg"]
[Site "?"]
[Date "2013.02.02"]
[Round "8.5"]
[White "Gruber, Alexander"]
[Black "Thaler, Elmar"]
[Result "0-1"]
[WhiteElo "1796"]
[BlackElo "1721"]
[PlyCount "76"]
[EventDate "2013.??.??"]

1. d4 c6 2. e4 d5 3. e5 Bf5 4. Bd3 Bxd3 5. Qxd3 e6 6. f4 Ne7 7. Nf3 Nf5 8. O-O
Nd7 9. Nc3 c5 10. Ne2 cxd4 11. Nexd4 Nxd4 12. Nxd4 Qb6 13. c3 Rc8 14. Rb1 Nc5
15. Qb5+ Qxb5 16. Nxb5 Ne4 17. Be3 Bc5 18. Rfe1 Bxe3+ 19. Rxe3 Rc5 20. Nd4 O-O
21. Rd3 g6 22. g3 Rb8 23. Kf1 b5 24. a3 Rc4 25. Ke2 a5 26. Nc2 Kg7 27. Rd4 Rxc3
28. Rxe4 Rxc2+ 29. Kd3 Rxh2 30. Re3 Rc8 31. Re2 Rh3 32. Re3 h5 33. Rbe1 h4 34.
g4 Rh2 35. R1e2 Rh1 36. Re1 Rc1 37. Rxc1 Rxc1 38. Rh3 Rc4 0-1

[Event "SG Kaltern/Tramin-SK Ehrenburg"]
[Site "?"]
[Date "2013.02.02"]
[Round "8.6"]
[White "Dallaglio, Giovanni"]
[Black "Mitterhofer, Martin"]
[Result "1-0"]
[WhiteElo "1675"]
[BlackElo "1560"]
[PlyCount "43"]
[EventDate "2013.??.??"]

1. d4 Nf6 2. Nf3 e6 3. c4 d5 4. Nc3 Be7 5. Bg5 c6 6. e3 h6 7. Bxf6 Bxf6 8. Qc2
O-O 9. O-O-O dxc4 10. h4 b5 11. g4 g6 12. g5 hxg5 13. hxg5 Be7 14. Ne5 Kg7 15.
f4 Bb7 16. Rh6 Qe8 17. Bxc4 Bd6 18. Rdh1 Bxe5 19. Rh7+ Kg8 20. Qh2 f5 21. dxe5
Qc8 22. Rg7+ 1-0

[Event "SK Passeier-Brixen-Milland"]
[Site "?"]
[Date "2013.02.02"]
[Round "8.1"]
[White "Sader, Michael"]
[Black "Pichler, Michael"]
[Result "1/2-1/2"]
[WhiteElo "2169"]
[BlackElo "1832"]
[PlyCount "77"]
[EventDate "2013.??.??"]

1. c4 c5 2. Nc3 Nf6 3. g3 e6 4. Bg2 Be7 5. Nf3 O-O 6. O-O d5 7. cxd5 exd5 8. d4
Be6 9. a3 Nbd7 10. dxc5 Nxc5 11. b4 Nce4 12. Bb2 Rc8 13. Rc1 a5 14. Nd4 axb4
15. Nxe4 Nxe4 16. Nxe6 fxe6 17. Rxc8 Qxc8 18. Bxe4 dxe4 19. axb4 Rd8 20. Qa1
Bxb4 21. Bxg7 Qd7 22. Bh6 Qf7 23. Qb1 Bf8 24. Be3 Rb8 25. Qxe4 b5 26. Qe5 Rb7
27. Rc1 Qd7 28. Ra1 Qd5 29. Qf4 Rf7 30. Qb8 Rb7 31. Qe8 Rf7 32. Rb1 Rf5 33. g4
Qe4 34. Rxb5 Qxg4+ 35. Kf1 Qh3+ 36. Ke1 Rxb5 37. Qxb5 Qxh2 38. Qg5+ Kf7 39.
Qf4+ 1/2-1/2

[Event "SK Passeier-Brixen-Milland"]
[Site "?"]
[Date "2013.02.02"]
[Round "8.2"]
[White "Innerhofer, Stefan"]
[Black "Brenninger, Daniel"]
[Result "0-1"]
[WhiteElo "1550"]
[BlackElo "2056"]
[PlyCount "88"]
[EventDate "2013.??.??"]

1. f4 d5 2. Nf3 Bg4 3. e3 e6 4. b3 Be7 5. Bb2 Bf6 6. Bxf6 Nxf6 7. h3 Bxf3 8.
Qxf3 Ne4 9. g3 h5 10. Bd3 Qf6 11. c3 Qg6 12. Bxe4 dxe4 13. Qf2 Nd7 14. Na3 Nc5
15. O-O Nd3 16. Qg2 f5 17. h4 O-O 18. Nc2 Rfd8 19. Ne1 Qe8 20. Nxd3 Rxd3 21.
Rab1 Qe7 22. Rb2 Rad8 23. Rc1 a5 24. Qe2 g6 25. Kf2 e5 26. fxe5 Qxe5 27. Kg2
Qd6 28. Rcc2 b5 29. a4 Qc6 30. axb5 Qxb5 31. Kf2 Rb8 32. b4 Qb6 33. Qe1 c5 34.
Qb1 cxb4 35. cxb4 axb4 36. Qc1 Qd8 37. Rc6 Kh7 38. Ke2 b3 39. Qc4 Qd5 40. Qa6
Rd8 41. Rxg6 Rxd2+ 42. Ke1 Rd1+ 43. Kf2 Qd2+ 44. Qe2 Kxg6 0-1

[Event "SK Passeier-Brixen-Milland"]
[Site "?"]
[Date "2013.02.02"]
[Round "8.3"]
[White "Kofler, Thomas"]
[Black "Innerhofer, Hannes"]
[Result "1-0"]
[WhiteElo "1960"]
[BlackElo "1629"]
[PlyCount "109"]
[EventDate "2013.??.??"]

1. c4 c5 2. g3 Nc6 3. Bg2 Nf6 4. Nc3 d6 5. Nf3 e6 6. O-O Be7 7. d3 O-O 8. a3
Bd7 9. e4 a6 10. Be3 Rb8 11. d4 cxd4 12. Nxd4 Ne8 13. b4 Ne5 14. c5 dxc5 15.
bxc5 Nc6 16. Nxc6 Bxc6 17. Qxd8 Rxd8 18. Rfd1 Nf6 19. Rxd8 Rxd8 20. Rc1 Nd7 21.
Ne2 Ne5 22. Nd4 Be8 23. h3 h6 24. Nb3 Nc6 25. Rb1 Rd7 26. f4 f6 27. Nd2 e5 28.
Nc4 Nd4 29. Nb6 Rd8 30. Nd5 Bxc5 31. Rxb7 Bxa3 32. Bf1 Bc6 33. Ne7+ Bxe7 34.
Rxe7 Bxe4 35. Bxa6 Nf3+ 36. Kf2 Kh7 37. Be2 Nd4 38. Bxd4 Rxd4 39. fxe5 fxe5 40.
Rxe5 Rb4 41. Rxe4 Rxe4 42. Bd3 Kh8 43. Bxe4 Kg8 44. Bg6 Kf8 45. h4 Ke7 46. Kf3
Kf6 47. h5 Ke5 48. g4 Kf6 49. Ke4 Ke6 50. Bf5+ Ke7 51. Ke5 Kf7 52. Bd3 Kg8 53.
Ke6 Kf8 54. Bh7 Ke8 55. Bg8 1-0

[Event "SK Passeier-Brixen-Milland"]
[Site "?"]
[Date "2013.02.02"]
[Round "8.4"]
[White "Pirpamer, Klaus"]
[Black "Kofler, Oswald"]
[Result "0-1"]
[WhiteElo "1749"]
[BlackElo "1858"]
[PlyCount "122"]
[EventDate "2013.??.??"]

1. d4 d6 2. c4 Nd7 3. Nc3 Ngf6 4. e4 e5 5. d5 c6 6. Be3 Be7 7. Bd3 h6 8. Nge2
g5 9. f3 Nf8 10. Qd2 Ng6 11. O-O-O Nf4 12. g3 Nxd3+ 13. Qxd3 Qc7 14. h4 Rg8 15.
hxg5 hxg5 16. Qd2 cxd5 17. cxd5 g4 18. Rdf1 gxf3 19. Rxf3 Bg4 20. Rxf6 Bxf6 21.
Kb1 Qc4 22. b3 Qb4 23. Rc1 Rc8 24. Kb2 Ke7 25. a3 Qa5 26. Qd3 Bxe2 27. Nxe2
Rxc1 28. Bxc1 Qc7 29. Be3 a6 30. Bd2 Rc8 31. Nc3 Rh8 32. g4 Rg8 33. Qg3 Qc8 34.
g5 Bg7 35. Nd1 f5 36. gxf6+ Bxf6 37. Qf2 Qg4 38. Qb6 Rd8 39. Ne3 Qxe4 40. Qxb7+
Rd7 41. Qc8 Qd3 42. Nc4 Qxd5 43. Qxd7+ Kxd7 44. Nb6+ Ke6 45. Nxd5 Kxd5 46. Bb4
e4+ 47. Kc2 Bd4 48. a4 Ke5 49. Kd2 d5 50. Bf8 Kf4 51. Ke2 Bc3 52. b4 d4 53.
Bd6+ Kf5 54. b5 axb5 55. axb5 d3+ 56. Ke3 Be5 57. Bc5 Bf4+ 58. Kf2 Ke6 59. Ba7
Kd5 60. Ke1 e3 61. b6 Bg3+ 0-1

[Event "SK Passeier-Brixen-Milland"]
[Site "?"]
[Date "2013.02.02"]
[Round "8.5"]
[White "Wisthaler, Lukas"]
[Black "Fauster, Guenther"]
[Result "1-0"]
[WhiteElo "1822"]
[BlackElo "1605"]
[PlyCount "77"]
[EventDate "2013.??.??"]

1. e4 e6 2. d4 d5 3. Nc3 Nf6 4. Bg5 Be7 5. e5 Nfd7 6. Bxe7 Qxe7 7. Nf3 O-O 8.
Qd2 c5 9. Nb5 Nb6 10. c3 Bd7 11. Nc7 Nc6 12. Nxa8 Rxa8 13. Be2 Rf8 14. O-O h6
15. Qe3 cxd4 16. Nxd4 Rc8 17. b3 Be8 18. a4 Nd7 19. Nxc6 Rxc6 20. Bb5 Rc7 21.
Bxd7 Qxd7 22. Rfd1 Qc8 23. Rac1 a6 24. h3 Rc5 25. Rd4 Rc7 26. Rg4 h5 27. Rd4 b5
28. g4 bxa4 29. bxa4 Rc4 30. a5 Rc5 31. gxh5 Rxa5 32. h6 Qd8 33. hxg7 Kxg7 34.
Rg4+ Kf8 35. Rb1 Qc7 36. Qg5 d4 37. cxd4 Qc2 38. Rc1 Qg6 39. Qd2 1-0

[Event "SK Passeier-Brixen-Milland"]
[Site "?"]
[Date "2013.02.02"]
[Round "8.6"]
[White "Ennemoser, Karl"]
[Black "Hellweg, Stephan"]
[Result "1-0"]
[WhiteElo "1424"]
[BlackElo "1668"]
[PlyCount "45"]
[EventDate "2013.??.??"]

1. d4 d5 2. Nc3 Nf6 3. Nf3 e6 4. e3 Be7 5. Bd3 O-O 6. O-O c5 7. dxc5 Bxc5 8. a3
Nc6 9. b4 Bd6 10. Bb2 a6 11. Ne2 b5 12. Ned4 Bb7 13. Nxc6 Bxc6 14. Nd4 Bb7 15.
f4 Rc8 16. Rf3 h6 17. Rh3 e5 18. fxe5 Bxe5 19. Qf3 Ne4 20. Nf5 Bxb2 21. Bxe4
dxe4 22. Qg4 Qg5 23. Qxg5 1-0

[Event "SK Naturns Jambo-J. Richter/Lask BZ II"]
[Site "?"]
[Date "2013.02.02"]
[Round "8.1"]
[White "Mumelter, Igor"]
[Black "Mukic, Josko"]
[Result "0-1"]
[WhiteElo "1821"]
[BlackElo "2268"]
[PlyCount "48"]
[EventDate "2013.??.??"]

1. e4 e6 2. d4 d5 3. Nd2 Nf6 4. e5 Nfd7 5. Bd3 c5 {[%emt 0:00:00]} 6. c3 {
[%emt 0:00:00]} 6... Nc6 7. Ne2 cxd4 8. cxd4 f6 9. exf6 Nxf6 10. O-O Bd6 11.
Nf3 O-O 12. Bg5 Qe8 13. Ng3 Nh5 14. Be3 Nf4 15. Bc2 Bd7 16. Rc1 Nb4 17. Bb1 Bb5
18. a3 Bxf1 19. axb4 Bb5 20. Qc2 g6 21. Qd2 Rc8 22. Rc5 b6 23. Rxc8 Qxc8 24.
Qd1 Qc4 0-1

[Event "SK Naturns Jambo-J. Richter/Lask BZ II"]
[Site "?"]
[Date "2013.02.02"]
[Round "8.2"]
[White "La Manna, Andrea"]
[Black "Muscolino, Attilio"]
[Result "1-0"]
[WhiteElo "2193"]
[BlackElo "1735"]
[PlyCount "49"]
[EventDate "2013.??.??"]

1. d4 {[%emt 0:00:00]} 1... Nf6 {[%emt 0:00:00]} 2. c4 g6 3. Nc3 Bg7 4. e4 d6
5. f3 O-O 6. Be3 b6 7. Nge2 c5 8. d5 Nbd7 9. Ng3 Ne5 10. Be2 e6 11. f4 Neg4 12.
Bc1 exd5 13. cxd5 h5 14. h3 Nh6 15. O-O Ne8 16. Bd3 Qf6 17. Be3 Qh4 18. Qe1
Bxh3 19. gxh3 Qxh3 20. Be2 Nf6 21. Rf3 Nfg4 22. Nf1 Nxe3 23. Rxh3 Nc2 24. Qd1
Bd4+ 25. Kg2 1-0

[Event "SK Naturns Jambo-J. Richter/Lask BZ II"]
[Site "?"]
[Date "2013.02.02"]
[Round "8.3"]
[White "Gruber, Martin"]
[Black "Fox, Jonas"]
[Result "1-0"]
[WhiteElo "1609"]
[BlackElo "1783"]
[PlyCount "86"]
[EventDate "2013.??.??"]

1. e4 e6 2. d4 d5 3. e5 c5 4. c3 Nc6 5. Nf3 Qb6 6. Bd3 Nh6 7. Bxh6 gxh6 8. Qb3
Bg7 9. Qxb6 axb6 10. Na3 c4 11. Nb5 O-O 12. Bc2 Rd8 13. O-O Na7 14. Nd6 Bf8 15.
Nxc8 Rdxc8 16. a3 b5 17. Nd2 Nc6 18. f4 Ra6 19. Nf3 Rca8 20. Rac1 Be7 21. f5
Nd8 22. f6 Bf8 23. h3 Nc6 24. Bb1 Na5 25. Bc2 Nc6 26. Kh1 h5 27. g4 hxg4 28.
Rg1 Kh8 29. Rxg4 b4 30. Rcg1 Bh6 31. Rh4 Rg8 32. Rxh6 Rxg1+ 33. Kxg1 bxc3 34.
bxc3 Rxa3 35. Rxh7+ Kg8 36. Ng5 Nd8 37. Rg7+ Kf8 38. Bh7 Ke8 39. Bg8 Rxc3 40.
Bxf7+ Nxf7 41. Nxf7 Rxh3 42. Nd6+ Kf8 43. Rxb7 Rb3 1-0

[Event "SK Naturns Jambo-J. Richter/Lask BZ II"]
[Site "?"]
[Date "2013.02.02"]
[Round "8.4"]
[White "Unterthurner, Hans"]
[Black "Hermeter, Walter"]
[Result "1-0"]
[WhiteElo "2029"]
[BlackElo "1660"]
[PlyCount "75"]
[EventDate "2013.??.??"]

1. e4 {[%emt 0:00:00]} 1... c5 {[%emt 0:00:00]} 2. c3 e6 3. d4 cxd4 4. cxd4 d5
5. e5 Nc6 6. Nc3 Bb4 7. Nf3 Nge7 8. Bb5 Qa5 9. Bd2 O-O 10. Bd3 Nf5 11. a3 Bxc3
12. Bxc3 Qb6 13. g4 Nfe7 14. Ng5 Ng6 15. h4 f5 16. exf6 Rxf6 17. Nxh7 Kxh7 18.
h5 Kg8 19. Bxg6 Ne5 20. Rh3 Nxg6 21. hxg6 Rxg6 22. f3 Bd7 23. Qd2 Ba4 24. g5
Rf8 25. Bb4 Rf5 26. f4 a5 27. Bc5 Qa6 28. Rg3 Qb5 29. Bd6 Qa6 30. Be5 Bc6 31.
O-O-O Qc4+ 32. Kb1 Rf8 33. Rc1 Qa6 34. Rh1 Bb5 35. Qc2 Be8 36. Rgh3 Qc6 37.
Qxc6 bxc6 38. Bd6 1-0

[Event "SK Naturns Jambo-J. Richter/Lask BZ II"]
[Site "?"]
[Date "2013.02.02"]
[Round "8.5"]
[White "Anrather, Eva"]
[Black "Naegele, Norbert"]
[Result "0-1"]
[WhiteElo "1395"]
[BlackElo "1786"]
[PlyCount "43"]
[EventDate "2013.??.??"]

1. e4 c5 2. Nc3 e6 3. e5 a6 4. d4 cxd4 5. Qxd4 Nc6 6. Qe4 d5 7. exd6 Bxd6 8.
Be3 Nf6 9. Qf3 Qc7 10. Nh3 b5 11. Bd3 Bb7 12. Bg5 Ne5 13. Qe3 Nfg4 14. Qe2 Bxg2
15. Be4 Bxh1 16. Bxh1 Rc8 17. f4 Nc4 18. Nd5 Qa5+ 19. b4 Bxb4+ 20. Kf1 O-O 21.
Qxg4 exd5 22. Bh6 0-1

[Event "SK Naturns Jambo-J. Richter/Lask BZ II"]
[Site "?"]
[Date "2013.02.02"]
[Round "8.6"]
[White "Pichler, Christoph"]
[Black "Kofler, Franz"]
[Result "1-0"]
[WhiteElo "1843"]
[BlackElo "1294"]
[PlyCount "57"]
[EventDate "2013.??.??"]

1. e4 {[%emt 0:00:00]} 1... e5 2. Nf3 Nc6 3. Bc4 h6 4. d4 exd4 5. Nxd4 Ne5 6.
Bb3 Nf6 7. O-O Bd6 8. f4 O-O 9. fxe5 Bxe5 10. Nf3 Qe7 11. Nxe5 Qxe5 12. Qf3 d6
13. h3 b6 14. Nc3 c6 15. Bf4 Qc5+ 16. Be3 Qe5 17. Rad1 Re8 18. Bd4 Qg5 19. Bxf6
gxf6 20. Qxf6 Qxf6 21. Rxf6 Re7 22. Rdxd6 Bb7 23. Rxh6 Kg7 24. Rhf6 c5 25.
Rxf7+ Rxf7 26. Bxf7 Bc8 27. Bd5 Rb8 28. Rd8 Kf6 29. Nb5 1-0

[Event "ASD Arci Scacchi-J. Richter/Lask BZ I"]
[Site "?"]
[Date "2013.02.02"]
[Round "8.1"]
[White "Billio, Atto"]
[Black "Minotti, Paolo"]
[Result "1/2-1/2"]
[WhiteElo "1994"]
[BlackElo "1643"]
[PlyCount "66"]
[EventDate "2013.??.??"]

{159MB, Fritz11.ctg, UTENTE-GP2BGX8A} 1. c4 f5 2. Nc3 Nf6 3. g3 g6 4. Bg2 Bg7
5. d3 d6 6. Bg5 c6 7. Qd2 Nbd7 8. Bh6 O-O 9. h4 Ne5 10. Nh3 Bxh6 11. Qxh6 Nf7
12. Qd2 e5 13. O-O-O Be6 14. Ng5 Qe7 15. Bf3 h5 16. e4 Kg7 17. Bg2 Rae8 18.
Nxe6+ Qxe6 19. Bh3 Nh6 20. exf5 Nxf5 21. Kb1 Qf7 22. Bxf5 gxf5 23. Qg5+ Qg6 24.
d4 e4 25. d5 Rd8 26. dxc6 bxc6 27. Rd2 Ng4 28. Qxg6+ Kxg6 29. Rhd1 Rf6 30. b4
Ne5 31. c5 Nd3 32. f3 d5 33. a3 Ne5 1/2-1/2

[Event "ASD Arci Scacchi-J. Richter/Lask BZ I"]
[Site "?"]
[Date "2013.02.02"]
[Round "8.2"]
[White "Pichler, Klaus"]
[Black "Bevilacqua, Maurizio"]
[Result "0-1"]
[WhiteElo "1711"]
[BlackElo "1974"]
[PlyCount "58"]
[EventDate "2013.??.??"]

{159MB, Fritz11.ctg, UTENTE-GP2BGX8A} 1. f4 g6 2. e4 d5 3. d3 Bg7 4. Nf3 Nh6 5.
c3 c6 6. Qc2 O-O 7. Be3 Nd7 8. Nbd2 e5 9. g3 f5 10. Bh3 Ng4 11. Bxg4 fxg4 12.
Nxe5 Nxe5 13. fxe5 dxe4 14. d4 Be6 15. O-O-O Qa5 16. b3 Rad8 17. Rhf1 Rf3 18.
Rxf3 exf3 19. Nc4 Qa6 20. Bg5 Rd7 21. Ne3 Qa3+ 22. Qb2 Qxb2+ 23. Kxb2 h6 24.
Bf6 Bxf6 25. exf6 Kf7 26. c4 Kxf6 27. d5 cxd5 28. cxd5 Bf5 29. Kc3 Re7 0-1

[Event "ASD Arci Scacchi-J. Richter/Lask BZ I"]
[Site "?"]
[Date "2013.02.02"]
[Round "8.3"]
[White "De Vita, Gianni"]
[Black "D'Ambrosio, Luca"]
[Result "1/2-1/2"]
[WhiteElo "1973"]
[BlackElo "1748"]
[PlyCount "75"]
[EventDate "2013.??.??"]

{159MB, Fritz11.ctg, UTENTE-GP2BGX8A} 1. e4 Nf6 2. Nc3 d5 3. exd5 Nxd5 4. d4
Nxc3 5. bxc3 Bf5 6. Rb1 Qd5 7. Nf3 b6 8. Rb2 Nd7 9. Be2 e6 10. O-O Be4 11. c4
Qb7 12. d5 exd5 13. Ng5 Ba3 14. Rb3 Bxc1 15. Qxc1 O-O 16. Nxe4 dxe4 17. Rg3 Qc6
18. Rd1 Rad8 19. Rd5 Rfe8 20. Qd1 Re6 21. c5 bxc5 22. f3 Rd6 23. fxe4 Nf6 24.
Qa1 Rxd5 25. exd5 Qd6 26. c4 c6 27. Rd3 cxd5 28. cxd5 Qb6 29. Rb3 Qc7 30. Bc4
Qf4 31. Qc3 Qd4+ 32. Qxd4 cxd4 33. Rd3 Kf8 34. Rxd4 Ke7 35. Bb3 Kd6 36. Ra4 Rd7
37. Ra5 Ke5 38. Kf2 1/2-1/2

[Event "ASD Arci Scacchi-J. Richter/Lask BZ I"]
[Site "?"]
[Date "2013.02.02"]
[Round "8.4"]
[White "Pollana, Marco"]
[Black "Kowalczyk, Martin"]
[Result "0-1"]
[WhiteElo "1766"]
[BlackElo "1887"]
[PlyCount "70"]
[EventDate "2013.??.??"]

{159MB, Fritz11.ctg, UTENTE-GP2BGX8A} 1. Nf3 {[%emt 0:00:00]} 1... Nf6 2. g3 e6
3. Bg2 d5 4. d3 Bd6 5. Nbd2 Nbd7 6. c3 O-O 7. O-O b6 8. Re1 c6 9. e4 Qc7 10.
Qe2 e5 11. Nf1 Ba6 12. Qc2 Nc5 13. c4 Rae8 14. Nh4 dxc4 15. dxc4 Ne6 16. Nf5
Bc5 17. Be3 Bxe3 18. N1xe3 g6 19. Nh4 Nd4 20. Qb1 Rd8 21. b3 b5 22. cxb5 Bxb5
23. Qb2 Bd3 24. Rac1 Bxe4 25. Bxe4 Nxe4 26. Nc4 Ng5 27. Red1 Rfe8 28. Kf1 Qc8
29. Nxe5 Qh3+ 30. Ng2 Qxh2 31. Rxd4 Qh1+ 32. Ke2 Rxe5+ 33. Ne3 Rxe3+ 34. Kxe3
Qf3+ 35. Kd2 Qxf2+ 0-1

[Event "ASD Arci Scacchi-J. Richter/Lask BZ I"]
[Site "?"]
[Date "2013.02.02"]
[Round "8.5"]
[White "Di Lazzaro, Gabriele"]
[Black "Rinaldo, Gaetano"]
[Result "1-0"]
[WhiteElo "1814"]
[BlackElo "1607"]
[PlyCount "63"]
[EventDate "2013.??.??"]

{159MB, Fritz11.ctg, UTENTE-GP2BGX8A} 1. d4 {[%emt 0:00:00]} 1... Nf6 {
[%emt 0:00: 00]} 2. Nc3 e6 3. e4 Bb4 4. Qd3 d5 5. e5 Nfd7 6. a3 Be7 7. Nce2 c5
8. c3 Nc6 9. g3 a5 10. Bg2 cxd4 11. cxd4 b6 12. Nf3 Ba6 13. Qd1 O-O 14. O-O f6
15. exf6 Bxf6 16. Be3 Rc8 17. Re1 e5 18. dxe5 Ndxe5 19. Nxe5 Nxe5 20. Bxd5+ Kh8
21. Nf4 Nd3 22. Qh5 Nxf4 23. Bxf4 g6 24. Qd1 Bxb2 25. Rb1 Qf6 26. Rxb2 Qxb2 27.
Be5+ Qxe5 28. Rxe5 Rc5 29. Re8 Rxd5 30. Rxf8+ Kg7 31. Qxd5 Kxf8 32. Qd8+ 1-0

[Event "ASD Arci Scacchi-J. Richter/Lask BZ I"]
[Site "?"]
[Date "2013.02.02"]
[Round "8.6"]
[White "Adzic, Ranko"]
[Black "Bonseri, Sergio"]
[Result "1-0"]
[WhiteElo "1800"]
[BlackElo "1710"]
[PlyCount "90"]
[EventDate "2013.??.??"]

{159MB, Fritz11.ctg, UTENTE-GP2BGX8A} 1. Nf3 Nf6 2. d3 d5 3. g3 b6 4. Bg2 Bb7
5. O-O e6 6. c4 c6 7. cxd5 exd5 8. Nc3 Nbd7 9. Bf4 Nh5 10. Bd2 Be7 11. Nd4 g6
12. e4 c5 13. Ndb5 d4 14. Nd5 O-O 15. f4 a6 16. Nbc7 Rc8 17. Nxe7+ Qxe7 18. Nd5
Bxd5 19. exd5 f5 20. Re1 Qf7 21. Qa4 Rfe8 22. Qxa6 Rxe1+ 23. Rxe1 Re8 24. Rxe8+
Qxe8 25. Kf2 Nhf6 26. h3 Qb8 27. Qb5 Qd6 28. Qc6 Ne8 29. b4 Kf7 30. a4 Ke7 31.
a5 cxb4 32. Qxd6+ Nxd6 33. a6 b3 34. a7 b2 35. a8=Q b1=Q 36. Qg8 Qxd3 37. Qe6+
Kd8 38. Qxd6 Qxd2+ 39. Kg1 Qe3+ 40. Kh2 d3 41. Qc6 d2 42. d6 Qc5 43. Qa8+ Qc8
44. Qa1 Ke8 45. Qg7 Qd8 1-0

[Event "SC Naturns Jambo II-SK Gries"]
[Site "?"]
[Date "2013.02.02"]
[Round "8.2"]
[White "Gurschler, Gregor"]
[Black "Spornberger, Andre"]
[Result "1/2-1/2"]
[WhiteElo "1743"]
[BlackElo "2048"]
[PlyCount "33"]
[EventDate "2013.??.??"]

1. Nf3 g6 2. e4 Bg7 3. g3 d6 4. Bg2 e5 5. d3 Nc6 6. c3 f5 7. Bg5 Nf6 8. Qe2 h6
9. Bd2 O-O 10. Nh4 Kh7 11. exf5 gxf5 12. Na3 Be6 13. Nc2 Bd5 14. Bxd5 Nxd5 15.
Qh5 Qf6 16. Ne3 Nde7 17. O-O-O 1/2-1/2

[Event "SC Naturns Jambo II-SK Gries"]
[Site "?"]
[Date "2013.02.02"]
[Round "8.4"]
[White "Kaserer, Hanspeter"]
[Black "Niederstaetter, Harald"]
[Result "0-1"]
[WhiteElo "1725"]
[BlackElo "1930"]
[PlyCount "92"]
[EventDate "2013.??.??"]

1. d4 f5 2. g3 Nf6 3. Bg2 e6 4. Nf3 Be7 5. O-O O-O 6. b3 d6 7. Bb2 Ne4 8. Nbd2
Bf6 9. c4 Nc6 10. a3 Bd7 11. Qc2 Nxd2 12. Qxd2 Qe8 13. d5 Nd8 14. dxe6 Nxe6 15.
Bxf6 Rxf6 16. e3 Nc5 17. Nd4 Ne4 18. Bxe4 fxe4 19. Nc2 c6 20. Rfc1 Qh5 21. Qd1
Bg4 22. Qf1 Be2 23. Qg2 Bf3 24. Qf1 Raf8 25. Nd4 Bg4 26. Ra2 Rh6 27. f4 exf3
28. Rf2 c5 29. Nb5 Qe5 30. Qd3 Bf5 31. Qd5+ Qxd5 32. cxd5 Bd3 33. Nc3 g5 34.
Rd1 c4 35. bxc4 Bxc4 36. Ne4 g4 37. Ng5 Rf5 38. Rc1 b5 39. Ne4 Rxd5 40. a4 Re6
41. Nc3 Rd3 42. axb5 Rdxe3 43. h3 h5 44. Rd2 f2+ 45. Kxf2 Rf3+ 46. Kg2 Ree3 0-1

[Event "SC Naturns Jambo II-SK Gries"]
[Site "?"]
[Date "2013.02.02"]
[Round "8.5"]
[White "Fongarolli, Diego"]
[Black "Gurschler, Thomas"]
[Result "1/2-1/2"]
[WhiteElo "1896"]
[BlackElo "1674"]
[PlyCount "87"]
[EventDate "2013.??.??"]

1. e4 g6 2. d4 Bg7 3. Nc3 c6 4. Bc4 d6 5. Bb3 e6 6. f4 d5 7. Nf3 Ne7 8. Be3 Nd7
9. Qd2 a6 10. h4 h5 11. e5 Nf5 12. Bf2 Qc7 13. Ne2 b5 14. a4 a5 15. Nc1 Bf8 16.
Nd3 b4 17. c3 Ba6 18. Rc1 Bxd3 19. Qxd3 bxc3 20. bxc3 c5 21. dxc5 Bxc5 22. O-O
Bxf2+ 23. Rxf2 O-O 24. Ba2 Nc5 25. Qd1 Ne4 26. Rb2 Qc5+ 27. Kh2 Nf2 28. Qd2
Ng4+ 29. Kh3 Rab8 30. Nd4 Rxb2 31. Qxb2 Rc8 32. Nxf5 gxf5 33. Qd2 Nf2+ 34. Kh2
Ng4+ 35. Kh1 Nf2+ 36. Kh2 Ng4+ 37. Kh3 Qf2 38. Qxf2 Nxf2+ 39. Kg3 Ne4+ 40. Kf3
Rxc3+ 41. Rxc3 Nxc3 42. Bb3 d4 43. Kf2 Kf8 44. Ke1 1/2-1/2

[Event "SC Naturns Jambo II-SK Gries"]
[Site "?"]
[Date "2013.02.02"]
[Round "8.6"]
[White "Gerstgrasser, Zeno"]
[Black "Spornberger, Peter"]
[Result "1/2-1/2"]
[WhiteElo "1217"]
[BlackElo "1627"]
[PlyCount "91"]
[EventDate "2013.??.??"]

1. Nf3 Nf6 2. d4 c5 3. e3 d5 4. Bb5+ Nc6 5. Ne5 Bd7 6. Nxd7 Qxd7 7. O-O a6 8.
Bxc6 bxc6 9. dxc5 e5 10. Nd2 Bxc5 11. Nb3 Ba7 12. c3 O-O 13. Nd2 Rfd8 14. Qf3
e4 15. Qh3 Qxh3 16. gxh3 Rab8 17. Rb1 c5 18. b3 d4 19. cxd4 cxd4 20. Nc4 d3 21.
Bd2 h6 22. Ne5 Rbc8 23. Ng4 Rc2 24. Nxf6+ gxf6 25. Ba5 Rdc8 26. a4 d2 27. Rfd1
R8c5 28. Bxd2 Rd5 29. Bb4 Rg5+ 30. Kf1 Rf5 31. Rd2 Rc8 32. Re2 a5 33. Bd2 Rh5
34. Kg2 Kh7 35. Rc1 Rg8+ 36. Kh1 Rxh3 37. Rg1 Rb8 38. Rg3 Rxg3 39. hxg3 Rxb3
40. Bxa5 Ra3 41. Bd8 Rxa4 42. Bxf6 Kg6 43. Be5 Kf5 44. Bf4 h5 45. Kg2 Kg4 46.
Rd2 1/2-1/2

[Event "CSK Merania-Groeden II"]
[Site "?"]
[Date "2013.02.02"]
[Round "8.1"]
[White "Knottner, Klaus"]
[Black "Bonagura, Stefano"]
[Result "0-1"]
[WhiteElo "1648"]
[BlackElo "2174"]
[PlyCount "58"]
[EventDate "2013.??.??"]

1. e4 c6 2. d4 d5 3. Nd2 g6 4. Ngf3 Bg7 5. c3 Nh6 6. Bd3 O-O 7. O-O f6 8. Qe2
Nf7 9. Re1 e5 10. b3 Bg4 11. h3 Bxf3 12. Nxf3 Nd7 13. Bb2 Re8 14. Qc2 dxe4 15.
Rxe4 f5 16. Rxe5 Ndxe5 17. Nxe5 Nxe5 18. dxe5 Bxe5 19. Rd1 Qc7 20. g3 Rad8 21.
f4 Bg7 22. Kg2 Qe7 23. Qd2 Rxd3 24. Qxd3 Qe2+ 25. Kg1 Qxb2 26. Qd7 Re2 27. Qd8+
Bf8 28. Qd4 Rg2+ 29. Kf1 Qe2# 0-1

[Event "CSK Merania-Groeden II"]
[Site "?"]
[Date "2013.02.02"]
[Round "8.2"]
[White "Teutsch, Alexander"]
[Black "Grossrubatscher, Herbert"]
[Result "1-0"]
[WhiteElo "1906"]
[BlackElo "1631"]
[PlyCount "31"]
[EventDate "2013.??.??"]

1. d4 e6 2. c4 c5 3. d5 d6 4. Nc3 exd5 5. cxd5 Nf6 6. e4 Bg4 7. f3 Bd7 8. f4
Qe7 9. Qe2 Na6 10. e5 Ng8 11. Ne4 dxe5 12. fxe5 Qxe5 13. Nf3 Qe7 14. Nd6+ Kd8
15. Nxb7+ Kc7 16. d6+ 1-0